| 000 | 00352nam a22001337a 4500 | ||
|---|---|---|---|
| 003 | SGT | ||
| 082 |
_a321.8 _bDUT |
||
| 100 | _aDUTTA PRIYADARSHI | ||
| 245 |
_aINDIA _bTHE MAINSPRING OF DEMOCRATIC TRADITIONS |
||
| 260 |
_aDELHI _bICCR & SGT UNIVERSITY _c2023 |
||
| 300 | _a304 | ||
| 653 | _aINDIAN DEMOCRACY , INDIAN DEMOCRACY HISTORY | ||
| 942 |
_2ddc _cBK |
||
| 999 |
_c28221 _d28221 |
||